Southville International School and Colleges
Your cart is empty.
  • Cart
  • Lists
    Public lists Eva Luna New books Lux_list list_1
    Your lists Log in to create your own lists
  • Log in to your account
  • Your cookies
  • Search history
Southville International School and Colleges
  • Advanced search
  • Recent comments
  • Most popular
  • Libraries

Log in to your account

Log in with GOOGLE


If you do not have an external account, but do have a local account, you can still log in:

  1. Home
  2. MARC view: Mission planet earth:
Normal view MARC view ISBD view

Mission planet earth: (Record no. 367379)

[ view plain ]
MARC details
000 -LEADER
fixed length control field 00541nam a22001697a 4500
003 - CONTROL NUMBER IDENTIFIER
control field a
005 - DATE AND TIME OF LATEST TRANSACTION
control field 20250410112550.0
008 - FIXED-LENGTH DATA ELEMENTS--GENERAL INFORMATION
fixed length control field 250410b xxu||||| |||| 00| 0 eng d
082 ## - DEWEY DECIMAL CLASSIFICATION NUMBER
Classification number M 551 Ri544 2009
Item number E12539
100 ## - MAIN ENTRY--PERSONAL NAME
Personal name Ride, Sally/ O;Shaughnessy, Tam
245 ## - TITLE STATEMENT
Title Mission planet earth:
Remainder of title our world and it's climate- and how humans are changing them/
Statement of responsibility, etc Sally Ride & Tam Shaughnessy
260 ## - PUBLICATION, DISTRIBUTION, ETC. (IMPRINT)
Place of publication, distribution, etc New York:
Name of publisher, distributor, etc Roaring Brook Press:
Date of publication, distribution, etc c2009
300 ## - PHYSICAL DESCRIPTION
Extent 80 pp.
Other physical details illustratted
Dimensions 21 cm
648 ## - SUBJECT ADDED ENTRY--CHRONOLOGICAL TERM
Source of heading or term Planet
650 ## - SUBJECT ADDED ENTRY--TOPICAL TERM
Source of heading or term Earth
942 ## - ADDED ENTRY ELEMENTS (KOHA)
Source of classification or shelving scheme Dewey Decimal Classification
Koha item type Books

No items available.

Mission planet earth:

APA

Ride S. O. T., . (2009). Mission planet earth. New York: Roaring Brook Press.

Chicago

Ride Sally O;Shaughnessy Tam, . 2009. Mission planet earth. New York: Roaring Brook Press.

Harvard

Ride S. O. T., . (2009). Mission planet earth. New York: Roaring Brook Press.

MLA

Ride Sally O;Shaughnessy Tam, . Mission planet earth. New York: Roaring Brook Press. 2009.

  • Print
  • Cite
  • Add to your cart (remove)
  • Save record
    BIBTEX Dublin Core MARCXML MARC (non-Unicode/MARC-8) MARC (Unicode/UTF-8) MARC (Unicode/UTF-8, Standard) MODS (XML) RIS
  • More searches
    Search for this title in:
    Other Libraries (WorldCat) Other Databases (Google Scholar) Online Stores (Bookfinder.com) Open Library (openlibrary.org)

Exporting to Dublin Core...

SOUTHVILLE LIBRARY

Southville International School and Colleges Library

1281 Tropical Ave. Cor. Luxembourg St., BF Homes International, Las Pinas City

Tel. No. 8256374 / 252358 Loc. 117/146

Powered by Koha